[Event "Mendoza ITT"]
[Site "Mendoza"]
[Date "2020.01.30"]
[Round "9"]
[White "Wisniacki, Flavio"]
[Black "Robledo, Cristian"]
[Result "1-0"]
[WhiteElo "2140"]
[BlackElo "2299"]
[PlyCount "93"]
[EventDate "2020.01.26"]
[EventType "tourn"]
[EventRounds "9"]
[EventCountry "ARG"]
[SourceTitle "CBM 195 Extra"]
[Source "ChessBase"]
[SourceDate "2020.05.31"]
[SourceVersion "1"]
[SourceVersionDate "2020.05.31"]
[SourceQuality "1"]

1. c4 e5 2. Nc3 Nc6 3. g3 g6 4. Bg2 Bg7 5. d3 d6 6. e4 Be6 7. Nge2 Qd7 8. Nd5 Rb8 9. Be3 f5 10. Qd2 h5 11. h4 b5 12. exf5 gxf5 13. cxb5 Rxb5 14. Nec3 Rb8 15. Rc1 Nge7 16. Nxe7 Nxe7 17. Bxa7 Rc8 18. Be3 c6 19. d4 e4 20. 0-0 Ra8 21. a3 Bc4 22. Rfe1 d5 23. Qd1 Qb7 24. Na4 Bf6 25. Rb1 Ba2 26. Nc5 Qb6 27. Ra1 Bc4 28. b3 Ba6 29. Bh3 Ra7 30. Ne6 c5 31. Nxc5 Bc8 32. Bf1 Ng6 33. Be2 Nxh4 34. gxh4 Bxh4 35. Kh1 Qf6 36. Qd2 Rg7 37. Rg1 f4 38. Bxf4 Bg4 39. Be5 Qf5 40. Qf4 Bf3+ 41. Bxf3 Qh3+ 42. Qh2 Qxf3+ 43. Rg2 Rhg8 44. Bxg7 Rxg7 45. Qe5+ Re7 46. Qh8+ Kf7 47. Qg8+ 1-0

[Event "Mendoza ITT"]
[Site "Mendoza"]
[Date "2020.01.27"]
[Round "2"]
[White "Uelf, Maximiliano"]
[Black "Wisniacki, Flavio"]
[Result "1-0"]
[WhiteElo "2234"]
[BlackElo "2140"]
[PlyCount "59"]
[EventDate "2020.01.26"]
[EventType "tourn"]
[EventRounds "9"]
[EventCountry "ARG"]
[SourceTitle "CBM 195 Extra"]
[Source "ChessBase"]
[SourceDate "2020.05.31"]
[SourceVersion "1"]
[SourceVersionDate "2020.05.31"]
[SourceQuality "1"]

1. d4 d5 2. Nf3 Nf6 3. g3 Bf5 4. Bg2 e6 5. c4 c6 6. Nc3 Be7 7. Qb3 Qb6 8. c5 Qa6 9. Nh4 Bg6 10. Nxg6 hxg6 11. e4 Nbd7 12. e5 Ng4 13. Bf1 b5 14. Qd1 Nh6 15. Bxh6 gxh6 16. a4 0-0 17. axb5 Qb7 18. bxc6 Qxb2 19. Na4 Qb4+ 20. Qd2 Qxd2+ 21. Kxd2 Nb8 22. Nb6 Nxc6 23. Nxa8 Rxa8 24. Kc3 f6 25. f4 fxe5 26. fxe5 Rf8 27. Bd3 Rf3 28. Rhf1 Rxf1 29. Bxf1 Bg5 30. Bb5 1-0

[Event "Mar del Plata Lasker Memorial"]
[Site "Mar del Plata"]
[Date "2019.07.24"]
[Round "6"]
[White "Wisniacki, Flavio"]
[Black "Labrunee, Juan Pablo"]
[Result "0-1"]
[WhiteElo "2229"]
[BlackElo "2185"]
[PlyCount "76"]
[EventDate "2019.07.22"]
[EventType "swiss"]
[EventRounds "7"]
[EventCountry "ARG"]
[SourceTitle "CBM 191 Extra"]
[Source "ChessBase"]
[SourceDate "2019.09.30"]
[SourceVersion "1"]
[SourceVersionDate "2019.09.30"]
[SourceQuality "1"]

1. e4 d6 2. d4 g6 3. Nf3 Bg7 4. c4 Nf6 5. Nc3 0-0 6. Be2 c6 7. 0-0 Qa5 8. h3 Nbd7 9. Be3 e5 10. d5 Nc5 11. Nd2 Qc7 12. b4 Ncd7 13. Qb3 a5 14. a3 c5 15. bxc5 Nxc5 16. Bxc5 Qxc5 17. Na4 Qd4 18. Qd3 Qxd3 19. Bxd3 Bh6 20. Nb3 Bg7 21. Rab1 Nh5 22. Rfc1 f5 23. f3 Bh6 24. Rc2 Be3+ 25. Kh1 Nf4 26. Bf1 Nh5 27. Nc3 Ng3+ 28. Kh2 Bf4 29. Kg1 fxe4 30. Nxe4 Nxe4 31. fxe4 Bd7 32. Bd3 Ba4 33. Re2 Rf7 34. Na1 Raf8 35. Nc2 Bg3 36. Ne3 Rf2 37. Ng4 Rxe2 38. Bxe2 h5 0-1

[Event "Mar del Plata Lasker Memorial"]
[Site "Mar del Plata"]
[Date "2019.07.23"]
[Round "3"]
[White "Andrade, Aquiles Ulises"]
[Black "Wisniacki, Flavio"]
[Result "1-0"]
[WhiteElo "1958"]
[BlackElo "2229"]
[PlyCount "57"]
[EventDate "2019.07.22"]
[EventType "swiss"]
[EventRounds "7"]
[EventCountry "ARG"]
[SourceTitle "CBM 191 Extra"]
[Source "ChessBase"]
[SourceDate "2019.09.30"]
[SourceVersion "1"]
[SourceVersionDate "2019.09.30"]
[SourceQuality "1"]

1. c4 d5 2. cxd5 Nf6 3. Nf3 g6 4. g3 Bg7 5. Bg2 0-0 6. 0-0 Nxd5 7. Nc3 c5 8. d4 cxd4 9. Nxd4 Nxc3 10. bxc3 e5 11. Nb5 Nc6 12. Nd6 Qc7 13. Nxc8 Raxc8 14. Be3 Na5 15. Rb1 b6 16. Bd2 Rfd8 17. Qc1 Qc4 18. Rb2 b5 19. Be3 Rc7 20. Qb1 Rb8 21. Re1 a6 22. Rb4 Qe6 23. a4 Rxc3 24. axb5 axb5 25. Rxb5 Rxb5 26. Qxb5 Nc6 27. Bd5 Qd7 28. Rc1 Rxc1+ 29. Bxc1 1-0

[Event "Mar del Plata Lasker Memorial"]
[Site "Mar del Plata"]
[Date "2019.07.23"]
[Round "4"]
[White "Wisniacki, Flavio"]
[Black "Cugat, Xavier"]
[Result "1-0"]
[WhiteElo "2229"]
[BlackElo "1638"]
[PlyCount "64"]
[EventDate "2019.07.22"]
[EventType "swiss"]
[EventRounds "7"]
[EventCountry "ARG"]
[SourceTitle "CBM 191 Extra"]
[Source "ChessBase"]
[SourceDate "2019.09.30"]
[SourceVersion "1"]
[SourceVersionDate "2019.09.30"]
[SourceQuality "1"]

1. e4 c6 2. d4 d5 3. e5 Bf5 4. h4 h6 5. g4 Be6 6. f4 g6 7. h5 Qc8 8. hxg6 fxg6 9. Bd3 Bxg4 10. Bxg6+ Kd8 11. Qd3 e6 12. Qg3 Bf5 13. Bxf5 exf5 14. Nf3 Qe6 15. Nc3 Ne7 16. Nh4 Rg8 17. Qh3 Nd7 18. Ne2 Rg4 19. Ng3 Qg8 20. Nhxf5 Nxf5 21. Nxf5 Rg1+ 22. Kf2 Rxh1 23. Qxh1 Qg6 24. Qh3 Kc7 25. Bd2 Re8 26. Rg1 Qh7 27. Qh5 Re6 28. b3 c5 29. c4 Nb6 30. Ba5 Kc6 31. Bxb6 Kxb6 32. cxd5 Re7 1-0